Between Dreams and Reality (Record no. 1112185)

MARC details
000 -LEADER
fixed length control field 01030nam a2200301Ia 4500
003 - CONTROL NUMBER IDENTIFIER
control field OSt
005 - DATE AND TIME OF LATEST TRANSACTION
control field 20221006160026.0
008 - FIXED-LENGTH DATA ELEMENTS--GENERAL INFORMATION
fixed length control field 221006b |||||||| |||| 00| 0 eng d
020 ## - INTERNATIONAL STANDARD BOOK NUMBER
International Standard Book Number 9780674025028
-- 1.04
037 ## - SOURCE OF ACQUISITION
Terms of availability Textual
040 ## - CATALOGING SOURCE
Original cataloging agency EASL
Transcribing agency EASL
Language of cataloging eng
041 ## - LANGUAGE CODE
Source of code eng
Language code of text/sound track or separate title eng
100 ## - MAIN ENTRY--PERSONAL NAME
Personal name Eugene Y.Park
9 (RLIN) 671524
245 #0 - TITLE STATEMENT
Title Between Dreams and Reality
Remainder of title The Military Examination in Late Choson Korea, 1600-1894
260 ## - PUBLICATION, DISTRIBUTION, ETC.
Place of publication, distribution, etc. Cambridge
Name of publisher, distributor, etc. Harvard University Asia Center
Date of publication, distribution, etc. 2007
300 ## - PHYSICAL DESCRIPTION
Extent 275p.
Dimensions cm.
490 ## - SERIES STATEMENT
Volume/sequential designation KEL
650 ## - SUBJECT ADDED ENTRY--TOPICAL TERM
Topical term or geographic name entry element Korea-Armed forces- Examinations- History
9 (RLIN) 671525
650 ## - SUBJECT ADDED ENTRY--TOPICAL TERM
Topical term or geographic name entry element Military education- Korea-History
9 (RLIN) 671526
650 ## - SUBJECT ADDED ENTRY--TOPICAL TERM
Topical term or geographic name entry element Sociology Military- Korea- History
9 (RLIN) 671527
650 ## - SUBJECT ADDED ENTRY--TOPICAL TERM
Topical term or geographic name entry element KEL
942 ## - ADDED ENTRY ELEMENTS (KOHA)
Classification part V495:594:(T:5), P7
Koha item type Textual
Source of classification or shelving scheme Colon Classification (CC)
Holdings
Withdrawn status Lost status Source of classification or shelving scheme Damaged status Not for loan Home library Current library Date acquired Source of acquisition Serial Enumeration / chronology Total Checkouts Full call number Barcode Date last seen Price effective from Koha item type
    Colon Classification (CC) Damaged   Department of East Asian Studies Library Department of East Asian Studies Library 2022-10-06 Gift, Korean Embassy (Window on Korea) KEL   V495:594:(T:5) P7 EA1396862 2022-10-06 2022-10-06 Textual
Copyright @ Delhi University Library System